LEADER 02982nam a2200529 i 4500 001 000000029002 003 CaOOAMICUS 005 20260504113252.0 008 180830s1930 gw u000 u ger u 040 $aSeMil$bita 130 0 $aBibbia.$0(OLS)http://semarc/title/402691 245 14$aDie Heilige Schrift des Alten Testamentes /$cübersetzt und erklärt in Verbindung mit Fachgelehrten ; herausgegeben von Dr. Franz Feldmann und Dr. Heinr. Herkenne. 260 $aBonn :$bPeter Hanstein,$c1930. 300 $a34 v. ;$c25 cm. 700 1 $aFeldmann, Franz,$d<1866-1944>.$0(OLS)http://semarc/name/13238 700 1 $aHerkenne, Heinrich,$d<1871-1948>.$0(OLS)http://semarc/name/78120 700 1 $aHeinisch, Paul,$d<1878-1956>.$0(OLS)http://semarc/name/38805 774 0 $aFischer, Johann$tBuch Isaias.$w()29014 774 0 $tZwölf Kleinen propheten.$dBonn : Peter Hanstein, 1937-1938.$w()29015 774 0 $aHeinisch, Paul <1878-1956>$tBuch Genesis.$g1$w()224388 774 0 $aHeinisch, Paul <1878-1956>$tBuch Exodus.$g1$w()224389 774 0 $aJunker, Hubert$tBuch Deuteronomium.$g2$w()224390 774 0 $aSchulz, Alfons$tBuch Josue.$g2$w()224391 774 0 $aSchulz, Alfons$tBuch der Richter und das Buch Ruth.$g2$w()224392 774 0 $aLeimbach, Karl A.$tBücher Samuel.$g3$w()224393 774 0 $aBévenot, Hugo$tBeiden Makkabäerbücher.$g4$w()224394 774 0 $aSzczygiel, Paul$tBuch Job.$g5$w()224395 774 0 $aHerkenne, Heinrich <1871-1948>$tBuch der Psalmen.$g5$w()224396 774 0 $aFeldmann, Franz <1866-1944>$tBuch der Weisheit.$g6$w()224397 774 0 $aEberharter, Andreas$tBuch Jesus Sirach oder ecclesiasticus.$g6$w()224427 774 0 $aMiller, Athanasius, $tHohe Lied.$g6$w()224428 774 0 $aNötscher, Friedrich <1890-1966>$tBuch Jeremias.$g7$w()224429 774 0 $aPaffrath, Tharsicius$tKlagelieder.$g7$w()224430 774 0 $aHeinisch, Paul <1878-1956>$tBuch Ezechiel.$g8$w()224431 774 0 $aGoettsberger, Johann$tBuch Daniel.$g8$w()224432 774 0 $aHeinisch, Paul <1878-1956>$tBuch Numeri.$g2$w()224443 774 0 $aHeinisch, Paul <1878-1956>$tTheologie des Alten Testaments.$gErgbd. 1$w()224449 774 0 $aMiller, Athanasius, $tBuch Tobias, Das Buch Judith, Das Buch Esther.$g4$w()224452 774 0 $tBücher der Chronik oder Paralipomenon.$g4$w()224448 774 0 $aHeinisch, Paul <1878-1956>$tBuch Leviticus.$g1$w()224453 774 0 $aLandersdorfer, Simon$tBücher der Könige.$g3$w()224456 774 0 $aWiesmann, Hermann$tBuch der Sprüche.$g6$w()224457 774 0 $aNötscher, Friedrich <1890-1966>$tBiblische Altertumskunde.$gErgbd. 3$w()224458 774 0 $aAllgeier, Arthur <1882-1952>$tBuch des Predigers, oder Koheleth.$g6$w()224459 996 $6245$aDie Heilige Schrift des Alten Testamentes$9(OLS)http://semarc/title/39374 996 $6260$aBonn :$bPeter Hanstein$9(OLS)http://semarc/publisher/37956